| 000 | 00770nam a22001697a 4500 | ||
|---|---|---|---|
| 999 |
_c58014 _d58014 |
||
| 005 | 20210423144119.0 | ||
| 008 | 210423s1968 ru ||||| |||| 00| 0 rus d | ||
| 080 | _a638.1 | ||
| 100 |
_a Таранов, Георгий _911569 |
||
| 245 |
_aАнатомия и физиология медоносных пчел / _c Георгий Таранов, ред. Б.М.Балакин |
||
| 264 |
_aМосква : _bКолос, _c1968. |
||
| 300 |
_a343 стр, _c20 см. |
||
| 653 | _aАнатомия и физиология медоносных пчел | ||
| 653 | _aთაფლის ფუტკრების ანატომია და ფიზიოლოგია | ||
| 700 |
_aБалакин, Б.М. _cრედაქტორი _911570 |
||
| 942 |
_2udc _cBK |
||